Technical analysis : (Record no. 26450)

MARC details
000 -LEADER
fixed length control field 01851cam a22002535a 4500
001 - CONTROL NUMBER
control field 14336888
005 - DATE AND TIME OF LATEST TRANSACTION
control field 20201128024317.0
008 - FIXED-LENGTH DATA ELEMENTS--GENERAL INFORMATION
fixed length control field 060411t2007 njua frb 001 0 eng d
020 ## - INTERNATIONAL STANDARD BOOK NUMBER
International Standard Book Number 9780131531130
020 ## - INTERNATIONAL STANDARD BOOK NUMBER
International Standard Book Number 0131531131
040 ## - CATALOGING SOURCE
Original cataloging agency DLC
Transcribing agency DLC
Modifying agency BAKER
-- C#P
-- YDXCP
-- OCLCQ
-- DLC
-- EG-ScBUE
Language of cataloging eng
082 04 - DEWEY DECIMAL CLASSIFICATION NUMBER
Edition number 22
Classification number 332.632042
Item number KIR
100 1# - MAIN ENTRY--PERSONAL NAME
Personal name Kirkpatrick, Charles D.,
Titles and other words associated with a name II.
245 10 - TITLE STATEMENT
Title Technical analysis :
Remainder of title the complete resource for financial market technicians /
Statement of responsibility, etc Charles D. Kirkpatrick II, Julie R. Dahlquist.
260 ## - PUBLICATION, DISTRIBUTION, ETC. (IMPRINT)
Place of publication, distribution, etc Upper Saddle River :
Name of publisher, distributor, etc FT Press Financial Times,
Date of publication, distribution, etc c.2007.
300 ## - PHYSICAL DESCRIPTION
Extent xxviii, 672 p. :
Other physical details ill. ;
Dimensions 25 cm.
504 ## - BIBLIOGRAPHY, ETC. NOTE
Bibliography, etc Includes bibliographical references and index.
505 0# - FORMATTED CONTENTS NOTE
Formatted contents note Introduction -- Introduction to technical analysis -- The basic principle of technical analysis--the trend -- History of technical analysis -- The technical analysis controversy -- Markets and market indicators -- An overview of markets -- Dow theory -- Sentiment -- Measuring market strength -- Temporal patterns and cycles -- Flow of funds -- Trend analysis -- History and construction of charts -- Trends--the basics -- Breakouts, stops, and retracements -- Moving averages -- Chart pattern analysis -- Bar chart patterns -- Point-and-figure chart patterns -- Short-term patterns -- Trend confirmation -- Confirmation -- Other technical methods and rules -- Cycles -- Elliott, Fibonacci, and Gann -- Selection -- Selection of markets and issues: trading and investing -- System testing and management -- System design and testing -- Money and risk management -- Appendices -- Basic statistics -- Types of orders and other trader terminology.
541 ## - IMMEDIATE SOURCE OF ACQUISITION NOTE
Source of acquisition Donation from MR Farid Khamis.
650 #7 - SUBJECT ADDED ENTRY--TOPICAL TERM
Topical term or geographic name as entry element Investment analysis.
Source of heading or term BUEsh
9 (RLIN) 1288
653 ## - INDEX TERM--UNCONTROLLED
Resource For college Generalities
Arrived date list April2018
700 1# - ADDED ENTRY--PERSONAL NAME
Personal name Dahlquist, Julie R.,
Dates associated with a name 1962-
942 ## - ADDED ENTRY ELEMENTS (KOHA)
Source of classification or shelving scheme Dewey Decimal Classification
Holdings
Withdrawn status Item status Source of classification or shelving scheme Damaged status Not for loan Home library Current library Shelving location Date acquired Source of acquisition Total Checkouts Total Renewals Full call number Barcode Date last seen Date last borrowed Koha item type
    Dewey Decimal Classification     Central Library Central Library First floor 02/04/2018 Donation 1 9 332.632042 KIR 000047539 15/07/2025 01/10/2023 Book - Borrowing